000 00877caa a22002417a 4500
999 _c409986
_d409986
001 123148
003 UA-OsUOA
005 20200111214208.0
007 ta
008 20170606b un ||||| |||| 00| 0 ukr d
040 _aUA-OsUOA
_bukr
_cUA-OsUOA
_dUA-OsUOA
041 _aukr
080 _a908
090 _a908
_bВ54
100 _aВихованець В.
245 _aВеликий історик України (До 120-х роковин від дня смерті Миколи Костомарова)
_cВ. Вихованець
300 _aС. 83–95
650 7 _a908 Краєзнавство
_2UDC
773 0 _0340235
_9367088
_dОстрог НаУОА 2007
_o113686
_tОстрозький краєзнавчий збірник
_w(UA-OsUOA) 54426
942 _cBKA
_2udc
955 _a1